[Event "FRA-chT9697 groupe B"]
[Site "France"]
[Date "1997.??.??"]
[Round "1"]
[White "Haas, Phillipe"]
[Black "David, Vincent"]
[Result "1-0"]
[WhiteElo "2160"]
[BlackElo "2220"]

1.e4 c5 2.Nf3 Nc6 3.Bb5 d6 4.O-O Bd7 5.Re1 e6 6.c3 Nf6 7.d4 Be7 8.dxc5 dxc5
9.Bf4 Ne5 10.Nxe5 Bxb5 11.Qb3 Qb6 12.Na3 Bc6 13.Qxb6 axb6 14.Nxc6 bxc6 15.Nc4 b5
16.Nd6+ Bxd6 17.Bxd6 Nd7 18.a4 bxa4 19.Ra2 f6 20.Rea1 e5 21.Rxa4 Rxa4 22.Rxa4 Kf7
23.Ra5 Rd8 24.Kf1 c4 25.Ra6 Rc8 26.Ba3 g6 27.Ra4 f5 28.exf5 gxf5 29.Rxc4 Ke6
30.f3 c5 31.Ke2 Kd5 32.Rh4 Nf6 33.Ra4 Rc6 34.Ke3 f4+ 35.Kd3 c4+ 36.Ke2 Ke6
37.Ra5 Kf5 38.Rb5 h5 39.Be7 Nd7 40.Bb4 Nb6 41.Bc5 Nd7 42.Bf2 Rc8 43.b3 cxb3
44.Rxb3 Ra8 45.Rb2 Rc8 46.Kd3 Nc5+ 47.Bxc5 Rxc5 48.c4 Ra5 49.Kc3 h4 50.h3 Ra3+
51.Kb4 Re3 52.c5 e4 53.fxe4+ Rxe4+ 54.Kb5 f3 55.gxf3 Re8 56.Rd2 Kf4 57.Rg2 Kxf3
58.Rg4 Re4 59.Rxe4  1-0

[Event "FRA-chT9697 groupe B"]
[Site "France"]
[Date "1997.??.??"]
[Round "2"]
[White "Boudre, Jean Pierre"]
[Black "Mainville, Eric"]
[Result "1-0"]
[WhiteElo "2400"]
[BlackElo "2205"]

1.e4 c5 2.Nf3 Nc6 3.Bb5 g6 4.O-O Bg7 5.c3 Nf6 6.Re1 O-O 7.h3 Qb6 8.Na3 a6
9.Bxc6 Qxc6 10.d4 cxd4 11.Nxd4 Qc7 12.e5 Nd5 13.Nf5 gxf5 14.Qxd5 Qc6 15.Qd3 e6
16.Nc4 b5 17.Nd6 Bb7 18.Qg3 Kh8 19.Bf4 h6 20.Rad1 Kh7 21.Nxb7 Qxb7 22.Re3 Rg8
23.Qh4 d5 24.Rg3 b4 25.Rxg7+ Rxg7 26.Bxh6 Rg6 27.Bg5+ Kg8 28.Bf6 Kf8 29.cxb4 Rc8
30.b3 Qc7 31.b5 axb5 32.Qb4+ Qc5 33.Rc1  1-0

[Event "FRA-chT9697 groupe B"]
[Site "France"]
[Date "1997.??.??"]
[Round "2"]
[White "Gachon, Lionel"]
[Black "Ochoa de Echaguen, F Javier"]
[Result "1/2-1/2"]
[WhiteElo "2275"]
[BlackElo "2440"]

1.e4 c5 2.Nf3 Nc6 3.Bb5 g6 4.O-O Bg7 5.c3 Nf6 6.d4 cxd4 7.cxd4 Nxe4 8.d5 Nd6
9.a4 Ne5 10.Nxe5 Bxe5 11.Re1 Bf6 12.Bh6 Nf5 13.Qd2 a6 14.Bd3 Nxh6 15.Qxh6 e6
16.Nc3 Bg5 17.Qh3 O-O 18.Rad1 d6 19.dxe6 fxe6 20.Bc4 d5 21.Nxd5 exd5 22.Rxd5 Bxh3
23.Rxd8+ Kg7 24.Rxa8 Rxa8 25.gxh3 Rd8 26.Re5 Bf6 27.Rd5  1/2-1/2

[Event "FRA-chT9697 groupe B"]
[Site "France"]
[Date "1997.??.??"]
[Round "7"]
[White "Weill, Roland"]
[Black "David, Vincent"]
[Result "1/2-1/2"]
[WhiteElo "2305"]
[BlackElo "2220"]

1.e4 c5 2.Nf3 Nc6 3.Bb5 d6 4.O-O Bd7 5.Re1 Nf6 6.c3 a6 7.Bxc6 Bxc6 8.d4 Bxe4
9.Bg5 Bxb1 10.Rxb1 e6 11.Qb3 Qc8 12.d5 c4 13.Qd1 e5 14.Qd4 Be7 15.Nxe5 dxe5
16.Rxe5 O-O 17.Rxe7 Qf5 18.Rd1 Qxg5 19.Rxb7 Rac8  1/2-1/2

[Event "Frydek-Mistek (Women)"]
[Site "Frydek-Mistek"]
[Date "1997.??.??"]
[Round "?"]
[White "Svobodova, Michaela"]
[Black "Eidelson, Rakhil"]
[Result "1-0"]
[WhiteElo "2205"]
[BlackElo "2280"]

1.e4 c5 2.Nf3 Nc6 3.Bb5 Qc7 4.O-O a6 5.Bxc6 dxc6 6.h3 e5 7.d3 Ne7 8.Be3 Ng6
9.Nbd2 Be7 10.a4 a5 11.Nb3 b6 12.Nbd2 O-O 13.Nc4 f6 14.Nfd2 Be6 15.Qe1 b5
16.Na3 Rab8 17.b3 Nf4 18.Bxf4 exf4 19.Nf3 Rfd8 20.Nb1 c4 21.bxc4 bxc4 22.d4 Bf7
23.c3 Rb3 24.Qc1 Rbb8 25.Nbd2 g5 26.Qc2 Kh8 27.Rfb1 Rbc8 28.Qb2 Rg8 29.Qb6 Qd7
30.Qxa5 g4 31.hxg4 Qxg4 32.Ne1 Bg6 33.Rb7 Bd8 34.Qc5 f3 35.g3 h5 36.Qd6 Be8
37.Nxc4 Qxe4  1-0

[Event "Geneve op"]
[Site "Geneve"]
[Date "1997.??.??"]
[Round "8"]
[White "Tkachiev, Vladislav"]
[Black "Pinski, Jan"]
[Result "1-0"]
[WhiteElo "2630"]
[BlackElo "2245"]

1.e4 c5 2.Nf3 Nc6 3.Bb5 e6 4.O-O Nge7 5.c3 a6 6.Ba4 b5 7.Bc2 Bb7 8.Qe2 d5
9.e5 Qb6 10.Rd1 d4 11.Be4 Ng6 12.d3 Be7 13.cxd4 cxd4 14.Nbd2 O-O 15.Nb3 Rfd8
16.h4 Qc7 17.Bd2 Ngxe5 18.Nxe5 Qxe5 19.Na5 Qc7 20.Nxc6 Bxc6 21.Rac1 Qe5 22.Bxh7+ Kxh7
23.Qxe5 Bd5 24.Rc7 Re8 25.Bb4 Bxb4 26.Qh5+  1-0

[Event "Gent op"]
[Site "Gent"]
[Date "1997.??.??"]
[Round "4"]
[White "Soderberg, Per"]
[Black "Schmittdiel, Eckhard"]
[Result "0-1"]
[WhiteElo "2255"]
[BlackElo "2450"]

1.e4 c5 2.Nf3 Nc6 3.Bb5 g6 4.O-O Bg7 5.c3 Nf6 6.Re1 O-O 7.h3 Qb6 8.Na3 a6
9.Bf1 Qc7 10.d4 d6 11.Nc2 b6 12.a4 Bb7 13.b4 e5 14.d5 Ne7 15.bxc5 Qxc5 16.Nxe5 Nxe4
17.Rxe4 Qxd5 18.Rd4 Qxe5 19.Rxd6 Nd5 20.Ba3 Nxc3 21.Qg4 Be4 22.Re1 Rfd8 23.Rxd8+ Rxd8
24.f3 Bf5 25.Qc4 Qg3 26.Re7 Be6 27.Qc6 h5 28.Re8+ Rxe8 29.Qxe8+ Kh7 30.Bf8 Be5
31.Bxa6 Qh2+ 32.Kf2 Bg3+ 33.Ke3 Qxg2 34.Nd4 Nd5+ 35.Kd3 Qf1+ 36.Kc2 Qxa6
37.Nxe6 Qe2+  0-1

[Event "Oberliga Sued W9697"]
[Site "GER"]
[Date "1997.??.??"]
[Round "?"]
[White "Scherer, Ralf"]
[Black "Zimmer, Ralph"]
[Result "1/2-1/2"]
[WhiteElo "2230"]
[BlackElo "2250"]

1.e4 c5 2.Nf3 Nc6 3.Bb5 d6 4.O-O Bg4 5.h3 Bh5 6.e5 Qb6 7.Nc3 e6 8.a4 a6 9.a5 Qc7
10.Bxc6+ Qxc6 11.g4 Bg6 12.d3 Qc7 13.Re1 d5 14.Bd2 Ne7 15.Ne2 Nc6 16.Nf4 Be7
17.Kg2 c4 18.Qe2 Nb4 19.Nxg6 hxg6 20.Rec1 cxd3 21.cxd3 Qd7 22.Qe3 Qb5 23.Rc7 Nc6
24.Nd4 Nxd4 25.Qxd4 Bd8 26.Rc5 Qd7 27.Rac1 O-O 28.Qc3 Rb8 29.Qb3 Qe7 30.d4 Qd7
31.R5c2 Re8 32.Bb4 Bg5 33.Rd1 Qb5 34.Rc5 Qd7 35.Qa3 Rbc8 36.Rxc8 Rxc8 37.Bc5 Qb5
38.Qb4 Qxb4 39.Bxb4 Rc2 40.Bc3 Be3 41.Rf1 Bd2 42.Bxd2 Rxd2 43.Rc1 Rxb2 44.Rc8+ Kh7
45.Rc7  1/2-1/2

[Event "BL2-O9697"]
[Site "Germany"]
[Date "1997.??.??"]
[Round "?.4"]
[White "Schoeneberg, Manfred"]
[Black "Pfretzschner, Roland"]
[Result "0-1"]
[WhiteElo "2365"]
[BlackElo "2275"]

1.e4 c5 2.Nf3 Nc6 3.Bb5 g6 4.O-O Bg7 5.c3 Nf6 6.e5 Nd5 7.d4 cxd4 8.cxd4 O-O
9.Nc3 Nxc3 10.bxc3 d5 11.exd6 exd6 12.a4 Bf5 13.Re1 a6 14.Bd3 Bxd3 15.Qxd3 Rc8
16.Bg5 Qd7 17.Nd2 h6 18.Bf4 Na5 19.Ne4 d5 20.Nc5 Qc6 21.Rab1 Rfe8 22.Rxe8+ Rxe8
23.h3 Re7 24.Rb2 Nc4 25.Re2 Rxe2 26.Qxe2 Bf8 27.Kh2 Kh7 28.Qg4 Bxc5 29.dxc5 Qf6
30.Bg3 Qe6 31.Qd4 Qf5 32.Bd6 Qe6 33.g3 Kg8 34.Bf4 g5 35.Bd6 Qf5 36.g4 Qf3
37.Bg3 Kh7 38.c6 bxc6 39.Qa7 Nd2 40.Qxa6 Qe4 41.Qc8 Nf3+ 42.Kg2 Nh4+ 43.Kf1 Qb1+
44.Ke2 Qc2+ 45.Ke1 Qxc3+ 46.Ke2 Qc2+ 47.Ke1 Nf3+ 48.Kf1 Nd2+ 49.Kg1 Qb1+
50.Kh2 Nf1+ 51.Kg2 Nxg3 52.Kxg3 Qb3+ 53.Kg2 Qxa4 54.Qf5+ Kg8 55.f3 Qc4 56.Qe5 Qc2+
57.Kg3 Qg6 58.Kg2 Qe6 59.Qc7 Kg7 60.Qb6 Qd6  0-1

[Event "Oberliga Nord O9697"]
[Site "Germany"]
[Date "1997.??.??"]
[Round "?"]
[White "Fuchs, Reinhart"]
[Black "Vogel, Robert"]
[Result "1/2-1/2"]
[WhiteElo "2430"]
[BlackElo "2305"]

1.e4 c5 2.Nf3 Nc6 3.Bb5 g6 4.O-O Bg7 5.Re1 e5 6.Bxc6 bxc6 7.c3 Ne7 8.d4 cxd4
9.cxd4 exd4 10.Nxd4 O-O 11.Nc3 Rb8 12.Rb1 Rb4 13.Be3 d6 14.Qd2 Bd7 15.a3 Rb7
16.Bh6 Re8 17.Bxg7 Kxg7 18.e5 dxe5 19.Rxe5 Nd5 20.Rxe8 Bxe8 21.Rd1 Re7 22.h3 Kg8
23.Nxd5 Qxd5 24.Nc2 Qxd2 25.Rxd2 c5 26.f3 Kg7 27.Kf2 Bb5 28.Ne3 Rd7 29.Rxd7 Bxd7
30.f4 Be6 31.h4 Kf6 32.g4 h6 33.Kf3 g5 34.fxg5+ hxg5 35.h5 Ke5  1/2-1/2

[Event "BL2-N9697"]
[Site "Germany"]
[Date "1997.??.??"]
[Round "?.2"]
[White "Meier, Volker"]
[Black "Von Herman, Ulf"]
[Result "1/2-1/2"]
[WhiteElo "2285"]
[BlackElo "2410"]

1.e4 c5 2.Nf3 Nc6 3.Bb5 Qc7 4.c3 a6 5.Ba4 Nf6 6.Qe2 e5 7.O-O b5 8.Bc2 Be7
9.a4 Rb8 10.axb5 axb5 11.Rd1 O-O 12.d4 cxd4 13.cxd4 d6 14.h3 Bd7 15.Nc3 Nxd4
16.Nxd4 exd4 17.Rxd4 b4 18.Nd5 Nxd5 19.Rxd5  1/2-1/2

[Event "BL2-N9697"]
[Site "Germany"]
[Date "1997.??.??"]
[Round "?.3"]
[White "Becker, W."]
[Black "Hegeler, Frank"]
[Result "1/2-1/2"]
[WhiteElo "2300"]
[BlackElo "2310"]

1.e4 c5 2.Nf3 Nc6 3.Bb5 e6 4.O-O Nge7 5.Nc3 a6 6.Bxc6 Nxc6 7.d4 cxd4 8.Nxd4 Qc7
9.Re1 Bd6 10.Nxc6 dxc6 11.Qh5 e5 12.Be3 O-O 13.Na4 b5 14.Nc5 Qe7 15.b4 a5
16.a3 Be6 17.Rad1 axb4 18.axb4 Rfd8 19.h3 f6 20.Rd2 Bf7 21.Qg4 Bxc5 22.Bxc5 Qe6
23.Red1 Rxd2 24.Rxd2 Qxg4 25.hxg4 h6 26.Rd6 Bc4 27.Rxc6 Ra2 28.Rc8+ Kf7 29.Rc7+ Kg8
30.Rc8+  1/2-1/2

[Event "BL2-N9697"]
[Site "Germany"]
[Date "1997.??.??"]
[Round "?.3"]
[White "Becker, W."]
[Black "Wesseln, Kai"]
[Result "1-0"]
[WhiteElo "2300"]
[BlackElo "2340"]

1.e4 c5 2.Nf3 Nc6 3.Bb5 g6 4.O-O Bg7 5.Re1 e5 6.Bxc6 dxc6 7.d3 Qe7 8.b4 cxb4
9.a3 Nh6 10.axb4 O-O 11.Ba3 Qc7 12.b5 Rd8 13.bxc6 Qxc6 14.Qe2 b5 15.Bb4 Bb7
16.Nc3 Qd7 17.Nd2 Ng4 18.Nb3 Nf6 19.Nc5 Qc6 20.Nxb7 Qxb7 21.Reb1 a6 22.Nd1 Rdc8
23.Ne3 Qc6 24.h3 Bh6 25.Ra2 Qe6 26.Rba1 Rc6 27.Qf3 Bxe3 28.Qxe3 Nh5 29.c3 Re8
30.Qa7 Nf4 31.Qe3 Qf6 32.Qf3 Ree6 33.Rd1 Qg5 34.d4 exd4 35.cxd4 Rc4 36.Rb2 Qf6
37.e5 Qf5 38.Bd6 Qg5 39.Qa8+  1-0

[Event "BL2-N9697"]
[Site "Germany"]
[Date "1997.??.??"]
[Round "?.3"]
[White "Winterfeld, Dirk"]
[Black "Kleeschaetzky, Ralf"]
[Result "0-1"]
[WhiteElo "2245"]
[BlackElo "2255"]

1.e4 c5 2.Nf3 Nc6 3.Bb5 g6 4.O-O Bg7 5.c3 Nf6 6.Re1 O-O 7.d4 cxd4 8.cxd4 d5
9.e5 Ne4 10.Bxc6 bxc6 11.Nbd2 Nxd2 12.Bxd2 Qb6 13.Qb3 Bg4 14.Qxb6 axb6 15.Bb4 Bxf3
16.gxf3 Ra7 17.Rac1 Rc8 18.Rc2 Kf8 19.a3 Bh6 20.Bd2 Bxd2 21.Rxd2 Ra4 22.Rc1 Ke8
23.Rc3 Rc4 24.Rcd3 Kd7 25.b4 Ra8 26.Re2 Ke6 27.Kg2 Rb8 28.Kg3 Kf5 29.Re1 e6
30.Rb1 Ra8 31.Re1 c5 32.bxc5 bxc5 33.dxc5 Rxc5 34.Rb3 g5 35.Rb7 Kg6 36.Rb3 Ra4
37.Ree3 Rca5 38.h3 Ra7 39.Rbd3 Kf5 40.Kg2 Rc4 41.Kg3 h5 42.Kg2 h4 43.Rb3 Rc1
44.Rb8 Ra1 45.Rf8 R1xa3 46.Rxf7+ Rxf7 47.Rxa3 Kxe5 48.Kf1 Rb7 49.Re3+ Kf5
50.Kg2 Rb1 51.Rd3 Ke5 52.Re3+ Kd6 53.Ra3 Re1 54.f4 gxf4 55.Kf3 e5 56.Kg4 d4
57.Kxh4 e4 58.Kg4 e3 59.fxe3 fxe3 60.Kf3 Kd5 61.h4 Rf1+ 62.Ke2 Rf2+  0-1

[Event "BL2-N9697"]
[Site "Germany"]
[Date "1997.??.??"]
[Round "?.4"]
[White "Cladouras, Panagiotis"]
[Black "Meyer, Falko"]
[Result "1-0"]
[WhiteElo "2390"]
[BlackElo "2290"]

1.e4 c5 2.Nf3 Nc6 3.Bb5 g6 4.Bxc6 dxc6 5.h3 Bg7 6.O-O e5 7.b3 Ne7 8.Bb2 Qc7
9.a4 O-O 10.Na3 f6 11.Qe2 Be6 12.Nc4 Nc8 13.c3 Nd6 14.d4 cxd4 15.cxd4 exd4
16.Nxd6 Qxd6 17.Nxd4 Rfe8 18.Rad1 Qb4 19.Qf3 Bf7 20.Bc3 Qe7 21.Rfe1 c5 22.Nc2 Bxb3
23.Bxf6 Qf7 24.Bxg7 Bxc2 25.Qxf7+ Kxf7 26.Rd7+ Re7 27.Rxe7+ Kxe7 28.a5 Rd8
29.f3 Rd1 30.Rxd1 Bxd1 31.Kf2 b5 32.axb6 axb6 33.Ke3 Ba4 34.f4 b5 35.g4 b4
36.f5 Bc2 37.Be5 b3 38.Kf4 Bd3 39.Bb2 Bf1 40.h4 Kf7 41.e5 Be2 42.e6+  1-0

[Event "BL2-N9697"]
[Site "Germany"]
[Date "1997.??.??"]
[Round "?.4"]
[White "Fette, Martin"]
[Black "Wesseln, Kai"]
[Result "1-0"]
[WhiteElo "2340"]
[BlackElo "2340"]

1.e4 c5 2.Nf3 Nc6 3.Bb5 g6 4.O-O Bg7 5.c3 Nf6 6.e5 Nd5 7.d4 cxd4 8.cxd4 O-O
9.Nc3 Nxc3 10.bxc3 d6 11.exd6 Qxd6 12.a4 Rd8 13.Ba3 Qc7 14.Re1 e6 15.Ng5 a6
16.Bf1 b6 17.Qf3 Bb7 18.Qh3 h6 19.Nxe6 fxe6 20.Qxe6+ Kh8 21.Qxg6 Rg8 22.Bd6 Qd7
23.d5 Rad8 24.dxc6 Qxc6 25.Re6 Rde8 26.Rae1 Rxe6 27.Rxe6 Rd8 28.Be5  1-0

[Event "Landesliga Nord 9697 Bayern"]
[Site "Germany"]
[Date "1997.??.??"]
[Round "?"]
[White "Graef, Harald"]
[Black "Eckstein, Bernd"]
[Result "1-0"]
[WhiteElo "2095"]
[BlackElo "2155"]

1.e4 c5 2.Nf3 Nc6 3.Bb5 g6 4.Bxc6 bxc6 5.O-O Bg7 6.Re1 Nf6 7.e5 Nd5 8.c4 Nc7
9.d4 cxd4 10.Qxd4 Ne6 11.Qh4 h6 12.Nc3 Ba6 13.Be3 Qc7 14.Rad1 Ng5 15.Bxg5 hxg5
16.Qxg5 Bxc4 17.Qf4 Be6 18.Ng5 Rh5 19.g4 Rh4 20.h3 O-O-O 21.Nxe6 fxe6 22.Rd3 Rdh8
23.Kg2 Qb7 24.Re2 c5+ 25.Ne4 Bh6 26.Qg3 Bg5 27.f3 Rxh3 28.Qxh3 Rxh3 29.Kxh3 Bf4
30.Nxc5 Qb5 31.Rc2 d6 32.Nxe6+ Kd7 33.Nxf4 g5 34.e6+ Kd8 35.Rdc3 Qf1+ 36.Kh2  1-0

[Event "Landesliga Sued 9697 Bayern"]
[Site "Germany"]
[Date "1997.??.??"]
[Round "?"]
[White "Scheckenbach, Franz"]
[Black "Epding, Olaf"]
[Result "1/2-1/2"]
[WhiteElo "2170"]
[BlackElo "2115"]

1.e4 c5 2.Nf3 Nc6 3.Bb5 Qb6 4.a4 g6 5.Nc3 Bg7 6.O-O Nd4 7.Nxd4 cxd4 8.Ne2 Nf6
9.d3 O-O 10.c3 d5 11.exd5 Nxd5 12.Nxd4 Bxd4 13.cxd4 Qxd4 14.Bh6 Rd8 15.Qe2 Be6
16.Rac1 Rac8 17.Rxc8 Rxc8 18.Bc4 a6 19.a5 Qf6 20.Qd2 Qf5 21.Re1 f6 22.Qe2 Kf7
23.Bd2 h5 24.h3 Rc6 25.Bxd5 Qxd5 26.Qe3 g5 27.Bc3 Rd6 28.Qe2 g4 29.hxg4 hxg4
30.Qe4 Qxd3 31.Qxb7 Rd7 32.Qe4 Qxe4 33.Rxe4 Bf5 34.Rb4 e5 35.Rb6 Bd3 36.Kh2 Be2
37.Kg3 Rd5 38.Kh2 Kg6 39.Kg3 Kg5 40.Rb8 Rd3+ 41.Kh2 Rd5  1/2-1/2

[Event "Landesliga Sued 9697 Bayern"]
[Site "Germany"]
[Date "1997.??.??"]
[Round "?"]
[White "Achatz, Georg"]
[Black "Epding, Olaf"]
[Result "0-1"]
[WhiteElo "1950"]
[BlackElo "2115"]

1.e4 c5 2.Nf3 Nc6 3.Bb5 Qb6 4.Nc3 g6 5.b3 Bg7 6.Bb2 Nd4 7.Bc4 e6 8.O-O Ne7
9.Kh1 O-O 10.a4 a6 11.Ra2 Qd8 12.Nxd4 cxd4 13.Ne2 d5 14.exd5 Nxd5 15.c3 b6
16.cxd4 Bb7 17.Bc3 Qh4 18.f3 Rfd8 19.Qe1 Qh6 20.Rc2 Bf8 21.Kg1 Bd6 22.g3 Qh3
23.Nc1 h5 24.Qf2 Qf5 25.Bd3 Qf6 26.Be4 h4 27.Nd3 Qg5 28.Ne5 Bxe5 29.dxe5 hxg3
30.Qxg3 Qh6 31.Bd4 Nf4 32.Be3 Ne2+ 33.Kf2 Nxg3 34.Bxh6 Bxe4 35.fxe4 Nxf1
36.Kxf1 Rac8 37.Rxc8 Rxc8 38.Be3 b5 39.axb5 axb5 40.Ke2 Rc1 41.Kd3 Kf8 42.b4 Rc4
43.Bc5+ Kg7 44.Ke3 f6 45.exf6+ Kxf6 46.Bd6 e5 47.d3 Rc2 48.h4 Ke6 49.Bc5 Rh2
50.d4 Rh3+ 51.Ke2 exd4 52.Bxd4 Rb3 53.Bg7 Rxb4 54.Kf3 Rc4 55.Kf4 b4 56.Kg5 Rxe4
57.Kxg6 Rxh4 58.Kg5 Rc4  0-1

[Event "BL2-W9697"]
[Site "Germany"]
[Date "1997.??.??"]
[Round "?.5"]
[White "Kotter, Ralf"]
[Black "Baum, Bernd"]
[Result "0-1"]
[WhiteElo "2300"]
[BlackElo "2270"]

1.e4 c5 2.Nf3 Nc6 3.Bb5 Qb6 4.Nc3 e6 5.O-O Nge7 6.Re1 Nd4 7.Bc4 Ng6 8.d3 Be7
9.Nxd4 cxd4 10.Ne2 O-O 11.Ng3 Qc7 12.Bb3 b6 13.Bd2 Ba6 14.Qg4 Bd6 15.Nh5 Kh8
16.f4 f5 17.Qg3 fxe4 18.Rxe4 Bb7 19.Re2 Rf7 20.Rf1 Raf8 21.Ref2 Ne7 22.Qg4 Nf5
23.Qe2 Be7 24.Ng3 Bh4 25.Qg4 Rf6 26.Bb4 R8f7 27.Ne4 Bxf2+ 28.Rxf2 Ne3 29.Qg3 Bxe4
30.dxe4 Rxf4 31.h3 Rxf2 32.Qxc7 Rxg2+  0-1

[Event "BL2-S9697"]
[Site "Germany"]
[Date "1997.??.??"]
[Round "?.6"]
[White "Schmenger, Felix"]
[Black "Schmidt, Stefan"]
[Result "0-1"]
[WhiteElo "2260"]
[BlackElo "2250"]

1.e4 c5 2.Nf3 Nc6 3.Bb5 Nf6 4.e5 Nd5 5.O-O Nc7 6.a4 d5 7.h3 a6 8.Bxc6+ bxc6
9.d3 g6 10.a5 Bg7 11.Be3 Ne6 12.Qc1 Rb8 13.Re1 Qc7 14.b3 Bxe5 15.Nxe5 Qxe5
16.Ra4 Qf6 17.Rf4 Qg7 18.Rf3 Nd4 19.Bxd4 cxd4 20.Qf4 Rb7 21.Qd6 O-O 22.Qxc6 Rd7
23.b4 Rfd8 24.Nd2 Rd6 25.Qc7 e5 26.Nb3 f6 27.Qc5 Qd7 28.c4 Bb7 29.Rg3 Qa4
30.Qc7 R6d7 31.Nc5 Rxc7 32.Nxa4 dxc4 33.Nc5 c3 34.Ne6 Rdc8 35.Nxc7 Rxc7 36.Rc1 Bd5
37.h4 Kf7 38.h5 g5 39.Rh3 Rb7 40.f3 Rxb4 41.Rh1 Ra4 42.Kf2 Ra2+ 43.Kg3 f5
44.Rhe1 Kf6 45.Rb1 f4+ 46.Kh3 Be6+ 47.Kh2 g4 48.fxg4 f3 49.g5+ Kf5 50.Kg3 Rxg2+
51.Kh4 Rg4+ 52.Kh3 Rxg5 53.Rb8 Kf4+ 54.Kh2 Rg2+ 55.Kh1 Kg3  0-1

[Event "Oberliga Nord W9798"]
[Site "Germany"]
[Date "1997.??.??"]
[Round "?.2"]
[White "Boehnisch, Manfred"]
[Black "Mossakowski, Florian"]
[Result "1/2-1/2"]
[WhiteElo "2315"]
[BlackElo "2175"]

1.e4 c5 2.Nf3 Nc6 3.Bb5 g6 4.O-O Bg7 5.Re1 e5 6.Bxc6 dxc6 7.b3 Ne7 8.Bb2 Qc7
9.a4 O-O 10.h3 Be6 11.Qe2 f6 12.Na3 g5 13.Kh2 Ng6 14.g3 h5 15.Nc4 Qd7 16.Ng1 Kf7
17.Ba3 b6 18.a5 Rab8 19.axb6 axb6 20.d3 Rh8 21.Bc1 h4 22.g4 b5 23.Ne3 Ra8
24.Bb2 Rhb8 25.Qf1 Bf8 26.Nf3 Qb7 27.Bc3 Rxa1 28.Rxa1 Ra8 29.Nf5 Ra6 30.Qc1 Qa7
31.Rxa6 Qxa6 32.Bxe5 Bxf5 33.Nxg5+ fxg5 34.Qxg5 Qc8 35.Qf6+ Kg8 36.gxf5 Nxe5
37.Qxe5 Qd7 38.Qf4 Qh7 39.e5 Qh6 40.Qg4+ Kf7 41.f6 Qg6 42.Qxh4 Ke6 43.f4 Bh6
44.Kh1 c4 45.bxc4 bxc4 46.f5+ Qxf5 47.Qxc4+ Kxe5 48.Qc5+ Kf4 49.Qf2+ Ke5
50.Qc5+ Kf4 51.Qf2+ Ke5  1/2-1/2

[Event "BL2-N9798"]
[Site "Germany"]
[Date "1997.??.??"]
[Round "1.6"]
[White "Meier, Volker"]
[Black "Wendt, Jan Dietrich"]
[Result "1-0"]
[WhiteElo "2285"]
[BlackElo "2295"]

1.e4 c5 2.Nf3 Nc6 3.Bb5 g6 4.O-O Bg7 5.c3 Nf6 6.Re1 O-O 7.h3 e5 8.d4 cxd4
9.cxd4 exd4 10.e5 Nd5 11.Bg5 Qc7 12.Qb3 Nb6 13.Nbd2 Nxe5 14.Nxe5 Bxe5 15.Nf3 Bf4
16.Bf6 a6 17.Bf1 d5 18.Bxd4 Nc4 19.Qc3 Qc6 20.Bg7 Rd8 21.Rad1 Be6 22.Nd4 Qe8
23.g3 Bd6 24.Nxe6 fxe6 25.Bh6 Qf7 26.Bxc4 dxc4 27.Qxc4 Bf8 28.Rxd8 Rxd8 29.Bxf8 Rxf8
30.Qxe6 Qxe6 31.Rxe6 Rf7 32.f4 Rc7 33.Rb6 Kf7 34.Kf2 Ke7 35.Kf3 Kd7 36.Kg4 Ke7
37.f5 gxf5+ 38.Kxf5 Kf7 39.g4 Ke7 40.Kg5 Kf7 41.Kh6 Kg8 42.h4 Kf8 43.h5 Kg8
44.g5 Rd7 45.Re6 Rd2 46.Re8+ Kf7 47.Rc8 Rxb2 48.Kxh7 Rxa2 49.g6+ Kf6 50.g7 Rh2
51.h6  1-0

[Event "NRW-Liga 9798"]
[Site "Germany"]
[Date "1997.??.??"]
[Round "3.4"]
[White "Grosse Kloenne, Elmar"]
[Black "Kurr, Gerd"]
[Result "0-1"]
[WhiteElo "2270"]
[BlackElo "2235"]

1.e4 c5 2.Nf3 Nc6 3.Bb5 g6 4.O-O Bg7 5.Re1 Nf6 6.Bxc6 bxc6 7.d3 O-O 8.Nbd2 d6
9.h3 e5 10.c3 Nh5 11.Nc4 Be6 12.Ng5 Bc8 13.Qa4 Qc7 14.Be3 Nf4 15.Rad1 Qe7
16.Nf3 Bd7 17.Qa5 Be6 18.Qa6 Rac8 19.d4 cxd4 20.Bxf4 exf4 21.Nxd4 Bxd4 22.Rxd4 Qg5
23.Rd3 d5 24.Nd2 Rc7 25.Qa5 Rb7 26.b4 Rd7 27.Qc5 Rc8 28.b5 Rdc7 29.bxc6 Rxc6
30.Qd4 Rd8 31.Rd1 Ra6 32.c4 Rxa2 33.cxd5 Bd7 34.Ra1 Rxa1+ 35.Qxa1 Bb5 36.Rb3 a6
37.Qd4 Rc8 38.Rc3 Re8 39.d6 Qe5 40.Qxe5 Rxe5 41.Rc7 Kf8 42.d7 Ke7 43.d8=Q+ Kxd8
44.Rxf7 Re7 45.Rxf4 a5 46.Rf3 a4 47.Kh2 Rd7 48.Nb1 Rd3 49.Na3 Rxf3 50.gxf3 Bd7
51.Kg3 Kc7 52.h4 Kd6 53.Kf4 Kc5 54.Kg5 Kb4 55.Nb1 Kb3 56.Nd2+ Kc3  0-1

[Event "NRW-Liga 9798"]
[Site "Germany"]
[Date "1997.??.??"]
[Round "4"]
[White "Schaefer, Juergen"]
[Black "Partenheimer, Axel"]
[Result "0-1"]
[WhiteElo "2125"]
[BlackElo "2155"]

1.e4 c5 2.Nf3 Nc6 3.Bb5 g6 4.O-O Bg7 5.c3 Nf6 6.d4 cxd4 7.cxd4 Nxe4 8.d5 Nd6
9.Ba4 b5 10.Bc2 Nb4 11.Bb3 a5 12.a3 Na6 13.Nc3 O-O 14.Bf4 b4 15.axb4 Nxb4
16.Qd2 Ba6 17.Rfd1 Nd3 18.Bh6 Qb6 19.Bxg7 Kxg7 20.Ra3 Rfb8 21.Ne1 Ne5 22.Qf4 Nec4
23.Bxc4 Nxc4 24.Na4 Qf6 25.Qxf6+ Kxf6 26.Rf3+ Kg7 27.b3 Nd6 28.Rc3 Nb5 29.Re3 Kf8
30.Nf3 d6 31.h4 h5 32.Ng5 Bc8 33.Rde1 Ra7 34.Rc1 Bf5 35.Ne4 Bxe4 36.Rxe4 Nc7
37.Nc3 Ne8 38.Rb1 Rab7 39.Rc4 Rc7 40.Rxc7 Nxc7 41.Kf1 Na6 42.Ne4 Rb5 43.Rc1 Rxd5
44.Rc8+ Kg7 45.Ra8 Nb4 46.Ra7 Re5 47.f3 Nc6 48.Rb7 Nd4 49.Kf2 Nf5 50.g3 f6
51.Nd2 Kf8 52.Nc4 Rc5 53.Ra7 Nd4 54.Nxa5 Rb5 55.Ra8+ Kf7 56.Ra7 f5 57.Ke3 Nxb3
58.Nc6 Rc5 59.Nxe7 Re5+  0-1

[Event "Dov Porath mem"]
[Site "Givatayim"]
[Date "1997.??.??"]
[Round "2"]
[White "Krays, Alexander"]
[Black "Kogan, Artur"]
[Result "0-1"]
[WhiteElo "2375"]
[BlackElo "2515"]

1.e4 c5 2.Nf3 Nc6 3.Bb5 e6 4.O-O Nge7 5.b3 a6 6.Bxc6 Nxc6 7.Bb2 b5 8.a4 b4
9.d3 d6 10.Nbd2 e5 11.Ne1 Qg5 12.f4 exf4 13.Nc4 Be6 14.Nf3 Qh6 15.Nb6 Rb8
16.Nd5 Be7 17.Qd2 O-O 18.Qxf4 Qxf4 19.Nxf4 Rfe8 20.Rf2 Bd8 21.Kh1 Bb6 22.Re2 Bd7
23.Rae1 f6 24.Nd5 Bd8 25.Nh4 Ne7 26.Nxe7+ Rxe7 27.Nf5 Bxf5 28.exf5 Kf7 29.g4 Rc8
30.Kg2 d5 31.Kf3 c4 32.dxc4 dxc4 33.Bd4 Rd7 34.Re4 Be7 35.h4 Bf8 36.g5 Rd5
37.Kg4 cxb3 38.cxb3 Rc2 39.R1e3 Rf2 40.gxf6 gxf6 41.Re1 Rfxf5 42.Rc1 Bd6
43.Be3 h5+ 44.Kh3 Rf3+ 45.Kg2 Rdf5 46.Rd1 Rg3+ 47.Kh1 Be5 48.Bc5 Rff3 49.Rxb4 Rg8
50.Rb7+ Ke6 51.Re7+ Kf5 52.Rxe5+ fxe5 53.Kh2 Rxb3 54.a5 Rc8 55.Rf1+ Ke6 56.Bb6 Rc2+
57.Kg1 Rg3+ 58.Kh1 Rh3+ 59.Kg1 Rxh4  0-1

[Event "Dov Porath mem"]
[Site "Givatayim"]
[Date "1997.??.??"]
[Round "7"]
[White "Vovsha, Eli"]
[Black "Bar, Roman"]
[Result "1/2-1/2"]
[WhiteElo "2205"]
[BlackElo "2160"]

1.e4 c5 2.Nf3 Nc6 3.Bb5 g6 4.O-O Bg7 5.Bxc6 dxc6 6.d3 e5 7.Be3 Qe7 8.Nbd2 Bg4
9.Nc4 Bxf3 10.Qxf3 Nf6 11.a3 Nd7 12.b4 b6 13.Rab1 O-O 14.Nd2 Rfd8 15.Qh3 cxb4
16.axb4 Nf8 17.Qg4 Ne6 18.Nf3 Rd7 19.Bg5 f6 20.Be3 Qf7 21.h4 Kh8 22.h5 gxh5
23.Qh3 Rg8 24.Nh4 Bf8 25.f4 exf4 26.Bxf4 Nxf4 27.Rxf4 Bd6 28.Rf3 Be5 29.Nf5 Qa2
30.Rc1 Qb2 31.Rcf1 Qxc2 32.Ne3 Qxd3 33.Rd1 Qxd1+ 34.Nxd1 Rxd1+ 35.Kf2 Rd2+
36.Kf1 Rgd8 37.g3 c5 38.bxc5 bxc5 39.Qe6 R2d6 40.Qf7 a5 41.Rb3 Rd1+ 42.Ke2 R1d2+
43.Kf1 R2d7 44.Qc4 Bd4 45.Rf3 Re7 46.Qa6 Kg7 47.Qxa5 Rde8 48.Rf5 c4 49.Rxh5 Rc8  1/2-1/2

[Event "Graz op"]
[Site "Graz"]
[Date "1997.??.??"]
[Round "5"]
[White "Zugaj, Fjodor"]
[Black "Baumegger, Siegfried"]
[Result "0-1"]
[WhiteElo "2185"]
[BlackElo "2485"]

1.e4 c5 2.Nf3 Nc6 3.Bb5 e6 4.O-O Nge7 5.c3 d5 6.exd5 Qxd5 7.d4 cxd4 8.c4 Qd6
9.Qxd4 Qxd4 10.Nxd4 Bd7 11.Be3 a6 12.Nxc6 axb5 13.Ne5 bxc4 14.Nxc4 Nd5 15.Bd4 f6
16.f4 Kf7 17.Ne3 Nxe3 18.Bxe3 Bc6 19.Nc3 Bd6 20.Rfd1 Ke7 21.Rd2 Ra5 22.Rad1 Bc5
23.Kf2 g5 24.fxg5 Bxe3+ 25.Kxe3 Rxg5 26.g3 h5 27.Rd4 h4 28.Rxh4 Rxh4 29.gxh4 Rg4
30.Rd4 Rxd4 31.Kxd4 e5+ 32.Kc5 f5 33.Nd5+ Ke6 34.Nc7+ Kf7  0-1

[Event "Graz op"]
[Site "Graz"]
[Date "1997.??.??"]
[Round "6"]
[White "Zugaj, Fjodor"]
[Black "Baklan, Vladimir"]
[Result "0-1"]
[WhiteElo "2185"]
[BlackElo "2570"]

1.e4 c5 2.Nf3 Nc6 3.Bb5 g6 4.O-O Bg7 5.c3 Nf6 6.Re1 O-O 7.d4 cxd4 8.e5 Nd5
9.cxd4 Nc7 10.Bxc6 dxc6 11.Nc3 Nd5 12.Be3 Bf5 13.Qd2 Nxe3 14.Qxe3 Qb6 15.b3 Rad8
16.Rac1 Bg4 17.Na4 Qc7 18.Nd2 b6 19.Ne4 f6 20.f4 Bh6 21.Nf2 Bc8 22.g3 g5
23.Qf3 gxf4 24.Ng4 Bg7 25.Qxf4 Qd7 26.Nh6+ Bxh6 27.Qxh6 Qxd4+ 28.Qe3 fxe5
29.Qxd4 exd4 30.Rxc6 d3 31.Rxe7 d2  0-1

[Event "Graz op"]
[Site "Graz"]
[Date "1997.??.??"]
[Round "6"]
[White "Balinov, Ilija"]
[Black "Doskocil, Klaus"]
[Result "1-0"]
[WhiteElo "2560"]
[BlackElo "2215"]

1.e4 c5 2.Nf3 Nc6 3.Bb5 g6 4.O-O Bg7 5.Bxc6 bxc6 6.c3 e5 7.d4 cxd4 8.cxd4 exd4
9.Nxd4 Ne7 10.Nc3 O-O 11.Bg5 f6 12.Bf4 d5 13.exd5 cxd5 14.Re1 Rf7 15.Qb3 g5
16.Bg3 f5 17.Be5 Qa5 18.Rad1 Bd7 19.Qb7  1-0